000 00475nam a2200181Ia 4500
008 240925s9999 xx 000 0 und d
020 _a9781138302020
082 _a192 RUS
100 _aRussell, Bertrand
245 3 _aAn Outline of Philosophy
250 _aNA
260 _aKarachi:
_bOxford University Press
_c,2009.
300 _axiv,212p.
_b0
_fOriginal
500 _aIncludes Index
600 _aHumanities & Natural Science
650 _aPhilosophy
942 _cBK
999 _c16819
_d16819